Methode Berlitz (Record no. 5388)

MARC details
000 -CABECERA
campo de control de longitud fija 00578nam a2200205 a 4500
001 - NÚMERO DE CONTROL
campo de control BRCA_5695
005 - FECHA Y HORA DE LA ÚLTIMA TRANSACCIÓN
campo de control 20190320205202.0
008 - DATOS DE LONGITUD FIJA--INFORMACIÓN GENERAL
campo de control de longitud fija 020311s1895----nyua######---#000-0#ger-#
041 ## - CÓDIGO DE LENGUA
Código de lengua del texto/banda sonora o título independiente ger
044 ## - CÓDIGO DEL PAÍS DE LA ENTIDAD EDITORA/PRODUCTORA
Código MARC del país nyu
050 #4 - SIGNATURA TOPOGRÁFICA DE LA BIBLIOTECA DEL CONGRESO
Número de clasificación PF3111
Número de documento/Ítem .B47 1895
100 1# - ENTRADA PRINCIPAL--NOMBRE DE PERSONA
Nombre de persona Berlitz, M. D.
Fechas asociadas al nombre 1852-1921
Forma completa/desarrollada del nombre Maximilian Delphinus
9 (RLIN) 14468
245 10 - MENCIÓN DE TÍTULO
Título Methode Berlitz
Resto del título unterricht in den neueren sprachen
Mención de responsabilidad, etc. M. D. Berlitz.
260 ## - PUBLICACIÓN, DISTRIBUCIÓN, ETC.
Lugar de publicación, distribución, etc. Nueva York
Nombre del editor, distribuidor, etc. Berlitz
Fecha de publicación, distribución, etc. 1895
300 ## - DESCRIPCIÓN FÍSICA
Extensión 110 p.
Otras características físicas il.
Dimensiones 20 cm.
500 ## - NOTA GENERAL
Nota general H18
650 14 - PUNTO DE ACCESO ADICIONAL DE MATERIA--TÉRMINO DE MATERIA
Término de materia o nombre geográfico como elemento de entrada Lenguaje español
Subdivisión general Español
9 (RLIN) 14469
902 ## - CATALOGADOR
Iniciales GFM
942 ## - ELEMENTOS DE PUNTO DE ACCESO ADICIONAL (KOHA)
Fuente del sistema de clasificación o colocación Library of Congress Classification
Tipo de ítem Koha Libros
Holdings
Estado de retiro Estado de pérdida Estado dañado No para préstamo Localización permanente Ubicación/localización actual Fecha de adquisición Número de inventario Total de préstamos Signatura topográfica completa Código de barras Fecha visto por última vez Precio válido a partir de Tipo de ítem Koha
El ejemplar forma parte de la colección y puede ser consultado según las políticas vigentes.       Biblioteca del Museo Franz Mayer (Rogerio Casas-Alatriste) Biblioteca del Museo Franz Mayer (Rogerio Casas-Alatriste) 02/03/2011 H18   PF3111 .B47 1895 (H18) 6131 22/03/2019 22/03/2019 Libros